Deutsche Literatur nach Autor - Statistiken

Allgemein
  • Dieses Quiz wurde 814 mal gespielt
    661 seit der letzten Aktualisierung
  • Das Durchschnittsergebnis liegt bei 13 aus 20
Antwortstatistiken
Hint Antwort % Korrekt
Faust Johann Wolfgang von Goethe
100%
Die Räuber Friedlich Schiller
95%
Der Prozess Franz Kafka
86%
Buddenbrooks Thomas Mann
82%
Nathan der Weise Gotthold Ephraim Lessing
79%
Effi Briest Theodor Fontane
77%
Die Physiker Friedrich Dürrenmatt
74%
Kinder- und Hausmärchen Jacob & Wilhelm Grimm
73%
Homo faber Max Frisch
70%
Mutter Courage und ihre Kinder Bertolt Brecht
69%
Die Blechtrommel Günter Grass
67%
Woyzeck Georg Büchner
64%
Das Parfum Patrick Süskind
62%
Der Schimmelreiter Theodor Storm
56%
Das Glasperlenspiel Hermann Hesse
55%
Deutschland. Ein Wintermärchen Heinrich Heine
48%
Krabat Otfried Preußler
47%
Der Sandmann E. T. A. Hoffmann
46%
Der Mann ohne Eigenschaften Robert Musil
39%
Michael Kohlhaas Heinrich von Kleist
37%
Keine übereinstimmenden Quizze gefunden
Verteilung der Resultate
Anzahl Personen mit jedem Resultat
Perzentil nach korrekt beantworteten Fragen
Ihre Resultats-Entwicklung
Sie haben dieses Quiz seit der letzten Aktualisierung nicht gespielt